000 00410nam a2200145Ia 4500
999 _c9806
_d9806
003 OSt
005 20220302182453.0
008 220112s9999||||xx |||||||||||||| ||und||
020 _a9780727731609
100 _aHendy, C. R. (Chris R.)
245 0 _aDesigners' guide to EN 1993-2 : eurocode 3 : design of steel structures : Part 2. Steel bridges
700 _aMurphy, C. J
700 _aHendy, C. R
942 _2ddc